| 000 | 00641cam a2200229 a 4500 | ||
|---|---|---|---|
| 001 | 000001694 | ||
| 003 | DO-SdBNP | ||
| 005 | 20220906091751.0 | ||
| 007 | ta | ||
| 008 | 800310s1979 sp 000 f spa | ||
| 020 | _a8428603367 | ||
| 040 |
_aDO-SdBNP _cspa _dBNPHU |
||
| 082 | 4 |
_aV863.64 _bH565a _222 |
|
| 100 | 1 |
_aHerrera Luque, Francisco _95514 |
|
| 245 | 1 | 4 |
_aLos amos del valle / _cFrancisco Herrera Luque. |
| 260 |
_aBarcelona : _bPomaire, _c1979. |
||
| 300 |
_av. ; _c21 cm. |
||
| 500 | _aLa biblioteca solo posee el volumen 1. | ||
| 650 | 4 |
_aNovela venezolana _93962 |
|
| 650 | 4 |
_aLiteratura venezolana _93816 |
|
| 942 |
_2ddc _cLBS1 |
||
| 999 |
_c1575 _d1575 |
||